Prehistoria y viajes (Registro nro. 303906)
[ vista simple ]
| 000 -ENCABEZADO | |
|---|---|
| Número de control [NR] | 01394nam a22002537a 4500 |
| 005 - FECHA Y HORA DE LA ÚLTIMA TRANSACCIÓN | |
| control field | 20160902084752.0 |
| 008 - DE LONGITUD FIJA DE DATOS DE ELEMENTOS - INFORMACIÓN GENERAL | |
| Elementos de longitud fija [NR] | 130312s1893 ck a fr|||| 001 0 spa d |
| 040 ## - FUENTE DE CATALOGACION [NR] | |
| Quien Cataloga | Sandra Yazo |
| Quien Clasifica | Sandra Yazo |
| 041 0# - CODIGO DE IDIOMA [R] | |
| Código de idioma para texto/pista de sonido o título separado [R] | Español |
| 082 04 - NUMERO DE CLASIFICACION DECIMAL DEWEY [R] | |
| Número de la edición [NR] | 20 |
| Número de clasificación [R] | 930.1 |
| 092 ## - SIGNATURA TOPOGRAFICA LOCAL | |
| Número de clasificación local | E40N120 |
| 100 1# - ASIENTO PRINCIPAL--NOMBRE PERSONAL [NR] | |
| Nombre personal [NR] | Cuervo Márquez, Carlos |
| ID Autoridad | 32407 |
| Fechas asociadas con el nombre [NR] | 1858-1930 |
| 245 10 - MENCION DE TITULO [NR] | |
| Título [NR] | Prehistoria y viajes |
| Mención de responsabilidad, etc. [NR] | Carlos Cuervo Márquez |
| 260 ## - PUBLICACION, DISTRIBUCION, ETC. (PIE DE IMPRENTA) [R] | |
| Lugar de publicación, distribución, etc. [R] | Bogotá (Colombia) |
| Nombre del editor, distribuidor, etc. [R] | Tipografía de La Luz |
| Fecha de publicación, distribución, etc. [R] | 1893 |
| 300 ## - DESCRIPCION FISICA [R] | |
| Extensión [R] | 248 páginas |
| Otros detalles físicos [NR] | 24 x 16 cm |
| 500 ## - NOTA GENERAL [R] | |
| Nota general [NR] | Detalles físicos: Encuadernación rígida (holandesa) en cartón forrado en cartón, esquinas con raspaduras y bordes en dorado. Lomo en cuero con nervaduras sobre costuras y adornos en dorado, roturas y faltante del cuero. Guardas, la delantera con una anotación manuscrita. Portada impresa en dos tintas. Texto impreso en una sola tinta con varias ilustraciones entre el texto. Perteneció a la biblioteca de Mons. Rafael María Carrasquilla |
| 505 2# - NOTA DE CONTENIDO CON FORMATO PREESTABLECIDO [R] | |
| Nota de contenido con formato preestablecido [NR] | Tierradentro ; Los Paeces ; San Agustín ; El llano ; Flora Colombiana (Su régimen altimétrico) |
| 506 ## - NOTA DE RESTRICCIONES DE ACCESO [R] | |
| Condiciones de acceso [NR] | Consulta en sala |
| 650 #7 - ASIENTO SECUNDARIO DE MATERIA - TERMINO TEMATICO [R] | |
| 9 (RLIN) | 9380 |
| Término temático o nombre geográfico como elemento de entrada [NR] | Arqueología |
| Subdivisión geográfica [R] | América Latina |
| 651 04 - ASIENTO SECUNDARIO DE MATERIA - NOMBRE GEOGRAFICO [R] | |
| 9 (RLIN) | 31794 |
| Nombre geográfico [NR] | Colombia |
| Subdivisión general [R] | Historia |
| -- | Descubrimiento y conquista |
| 690 ## - ASUNTO AGREGADO LOCAL DE ENTRADA - TÉRMINO TEMÁTICO (OCLC, RLIN) | |
| Acceso temático local | Historia de Colombia |
| 9 (RLIN) | 26508 |
| 856 41 - LOCALIZACION Y ACCESO ELECTRONICOS [R] | |
| Identificador Uniforme del Recurso (“URI”) [R] | <a href="http://bdh-rd.bne.es/viewer.vm?id=0000091752&page=1">http://bdh-rd.bne.es/viewer.vm?id=0000091752&page=1</a> |
| Nota dirigida al público [R] | Disponible en línea |
| 942 ## - ELEMENTOS DE ENTRADA AGREGADOS (KOHA) | |
| Tipo de ítem principal el descrito en 300a | Libro |
| Edición | 1 |
| Sistema de clasificación | LOCAL |
| Clasificación | E40N120 |
| Suprimido | Perdido | Sistema de clasificación | Dañado | No prestable | Tipo de ítem específico | Ubicación habitual | Ubicación actual | Localización | Fecha de creación | Forma de adquisición | Costo | Total préstamos | Signatura topográfica | Código de barras | Última vez visto | Ejemplar | Price effective from | Tipo de ítem |
|---|---|---|---|---|---|---|---|---|---|---|---|---|---|---|---|---|---|---|
| LOCAL | Libro archivo | Archivo Histórico | Archivo Histórico | Archivo histórico | 02/08/2016 | Donación | 0.00 | E40N120 | L005811 | 02/08/2016 | Ej.1 | 02/08/2016 | Libro |